000
00300nam a2200121Ia 4500
008
220216s9999 xx 000 0 und d
100
_a
Soman T.A.
245
0
_a
Naveena nadeel reethiyil chakirichorinte pradhanyam
260
_b
Rubber
_c
2009
300
_a
21
700
_a
Varghese Y.A.
942
_c
BS
999
_c
51934
_d
51934